000 00542nam a2200181Ia 4500
008 100917s9999 xx 000 0 und d
082 _b43496
100 _aपरांजपे भा. श्री.
245 _aयुग पाथेय
260 _bहिंदू - धर्म संस्कृती मंदीर
_c1980
300 _a486
365 _b45
520 _aइतिहास
630 _aयुग पाथेय
650 _aइतिहास
730 _aयुग पाथेय
942 _cBOOK
999 _c648890
_d648887